<?xml version="1.0" encoding="UTF-8"?>
<collection xmlns="http://www.loc.gov/MARC21/slim">
<record>
  <controlfield tag="001">148743</controlfield>
  <controlfield tag="005">20250121150753.0</controlfield>
  <datafield tag="024" ind1="7" ind2=" ">
    <subfield code="2">doi</subfield>
    <subfield code="a">10.1016/j.ijfoodmicro.2015.06.030</subfield>
  </datafield>
  <datafield tag="024" ind1="8" ind2=" ">
    <subfield code="2">sideral</subfield>
    <subfield code="a">91483</subfield>
  </datafield>
  <datafield tag="037" ind1=" " ind2=" ">
    <subfield code="a">ART-2015-91483</subfield>
  </datafield>
  <datafield tag="041" ind1=" " ind2=" ">
    <subfield code="a">eng</subfield>
  </datafield>
  <datafield tag="100" ind1=" " ind2=" ">
    <subfield code="a">Gomes Neto, N. J.</subfield>
  </datafield>
  <datafield tag="245" ind1=" " ind2=" ">
    <subfield code="a">Influence of general stress-response alternative sigma factors sS (RpoS) and sB (SigB) on bacterial tolerance to the essential oils from Origanum vulgare L. and Rosmarinus officinalis L. and pulsed electric fields</subfield>
  </datafield>
  <datafield tag="260" ind1=" " ind2=" ">
    <subfield code="c">2015</subfield>
  </datafield>
  <datafield tag="520" ind1="3" ind2=" ">
    <subfield code="a">This study assessed the influence of general stress-response alternative sigma factors RpoS (σS) and SigB (σB) on tolerance of Escherichia coli (E. coli MG1655 and its isogenic mutant E. coli MG1655 ΔrpoS) and Listeria monocytogenes (L. monocytogenes EGD-e and its isogenic mutant L. monocytogenes EGD-e ΔsigB) to the essential oils (EOs) from Origanum vulgare L.—oregano (OVEO) and Rosmarinus officinalis L.—rosemary (ROEO), as well as the changes in tolerance of parental and ΔrpoS and ΔsigB mutant strains to OVEO, ROEO and pulsed electric fields (PEF) following overnight exposure to subinhibitory concentrations (1/2 × minimum inhibitory concentration—MIC) of each tested EO. MIC values of OVEO and ROEO against the mutant cells were usually lower than those found against the parental cells. Survivor curves showed that mutant cells were more sensitive to these EOs than parental cells. The recovery of survivors in selective media showed a greater proportion of cells sublethally injured at their cell envelopes in the mutant strains compared with the parental strains. Induction of increased direct-tolerance to OVEO and ROEO or cross-tolerance to PEF was not observed after pre-exposure of parental and mutant cells to EOs. Otherwise, parental and mutant cells of E. coli and L. monocytogenes pre-exposed to OVEO or ROEO showed decreased tolerance when further treated with the homologous stressing agent at 2 × MIC. Still, mutant cells pre-exposed to OVEO or ROEO showed lower tolerance to PEF than parental strains. These results showed the influence of σS and σB in tolerance of single strains of E. coli and L. monocytogenes, respectively, to OVEO and ROEO. Moreover, the deletion of σS and σB resulted in decreased tolerance to OVEO, ROEO or PEF in tested strains following exposure to OVEO or ROEO at a subinhibitory concentration.</subfield>
  </datafield>
  <datafield tag="536" ind1=" " ind2=" ">
    <subfield code="9">info:eu-repo/grantAgreement/ES/MINECO/AGL2012-32165</subfield>
  </datafield>
  <datafield tag="540" ind1=" " ind2=" ">
    <subfield code="9">info:eu-repo/semantics/closedAccess</subfield>
    <subfield code="a">All rights reserved</subfield>
    <subfield code="u">http://www.europeana.eu/rights/rr-f/</subfield>
  </datafield>
  <datafield tag="590" ind1=" " ind2=" ">
    <subfield code="a">3.445</subfield>
    <subfield code="b">2015</subfield>
  </datafield>
  <datafield tag="591" ind1=" " ind2=" ">
    <subfield code="a">FOOD SCIENCE &amp; TECHNOLOGY</subfield>
    <subfield code="b">13 / 125 = 0.104</subfield>
    <subfield code="c">2015</subfield>
    <subfield code="d">Q1</subfield>
    <subfield code="e">T1</subfield>
  </datafield>
  <datafield tag="591" ind1=" " ind2=" ">
    <subfield code="a">MICROBIOLOGY</subfield>
    <subfield code="b">39 / 123 = 0.317</subfield>
    <subfield code="c">2015</subfield>
    <subfield code="d">Q2</subfield>
    <subfield code="e">T1</subfield>
  </datafield>
  <datafield tag="592" ind1=" " ind2=" ">
    <subfield code="a">1.614</subfield>
    <subfield code="b">2015</subfield>
  </datafield>
  <datafield tag="593" ind1=" " ind2=" ">
    <subfield code="a">Food Science</subfield>
    <subfield code="c">2015</subfield>
    <subfield code="d">Q1</subfield>
  </datafield>
  <datafield tag="593" ind1=" " ind2=" ">
    <subfield code="a">Safety, Risk, Reliability and Quality</subfield>
    <subfield code="c">2015</subfield>
    <subfield code="d">Q1</subfield>
  </datafield>
  <datafield tag="593" ind1=" " ind2=" ">
    <subfield code="a">Microbiology</subfield>
    <subfield code="c">2015</subfield>
    <subfield code="d">Q1</subfield>
  </datafield>
  <datafield tag="593" ind1=" " ind2=" ">
    <subfield code="a">Medicine (miscellaneous)</subfield>
    <subfield code="c">2015</subfield>
    <subfield code="d">Q1</subfield>
  </datafield>
  <datafield tag="655" ind1=" " ind2="4">
    <subfield code="a">info:eu-repo/semantics/article</subfield>
    <subfield code="v">info:eu-repo/semantics/publishedVersion</subfield>
  </datafield>
  <datafield tag="700" ind1=" " ind2=" ">
    <subfield code="a">Magnani, M.</subfield>
  </datafield>
  <datafield tag="700" ind1=" " ind2=" ">
    <subfield code="a">Chueca, B.</subfield>
    <subfield code="u">Universidad de Zaragoza</subfield>
  </datafield>
  <datafield tag="700" ind1=" " ind2=" ">
    <subfield code="a">García-Gonzalo, D.</subfield>
    <subfield code="u">Universidad de Zaragoza</subfield>
    <subfield code="0">(orcid)0000-0002-7629-8101</subfield>
  </datafield>
  <datafield tag="700" ind1=" " ind2=" ">
    <subfield code="a">Pagán, R.</subfield>
    <subfield code="u">Universidad de Zaragoza</subfield>
    <subfield code="0">(orcid)0000-0002-0238-6328</subfield>
  </datafield>
  <datafield tag="700" ind1=" " ind2=" ">
    <subfield code="a">de Souza, E. L.</subfield>
  </datafield>
  <datafield tag="710" ind1="2" ind2=" ">
    <subfield code="1">2008</subfield>
    <subfield code="2">780</subfield>
    <subfield code="a">Universidad de Zaragoza</subfield>
    <subfield code="b">Dpto. Produc.Animal Cienc.Ali.</subfield>
    <subfield code="c">Área Tecnología de Alimentos</subfield>
  </datafield>
  <datafield tag="773" ind1=" " ind2=" ">
    <subfield code="g">211 (2015), 32-37</subfield>
    <subfield code="p">Int. j. food microbiol.</subfield>
    <subfield code="t">INTERNATIONAL JOURNAL OF FOOD MICROBIOLOGY</subfield>
    <subfield code="x">0168-1605</subfield>
  </datafield>
  <datafield tag="856" ind1="4" ind2=" ">
    <subfield code="s">475746</subfield>
    <subfield code="u">http://zaguan.unizar.es/record/148743/files/texto_completo.pdf</subfield>
    <subfield code="y">Versión publicada</subfield>
  </datafield>
  <datafield tag="856" ind1="4" ind2=" ">
    <subfield code="s">2902047</subfield>
    <subfield code="u">http://zaguan.unizar.es/record/148743/files/texto_completo.jpg?subformat=icon</subfield>
    <subfield code="x">icon</subfield>
    <subfield code="y">Versión publicada</subfield>
  </datafield>
  <datafield tag="909" ind1="C" ind2="O">
    <subfield code="o">oai:zaguan.unizar.es:148743</subfield>
    <subfield code="p">articulos</subfield>
    <subfield code="p">driver</subfield>
  </datafield>
  <datafield tag="951" ind1=" " ind2=" ">
    <subfield code="a">2025-01-21-14:44:37</subfield>
  </datafield>
  <datafield tag="980" ind1=" " ind2=" ">
    <subfield code="a">ARTICLE</subfield>
  </datafield>
</record>
</collection>